[Event "Benidorm FEDC op 22th"]
[Site "Benidorm"]
[Date "2019.06.11"]
[Round "3"]
[White "Delgado Lagares, Francisco Javier"]
[Black "Samper Alarcon, Julio Alfredo"]
[Result "1/2-1/2"]
[WhiteElo "1715"]
[BlackElo "1551"]
[PlyCount "34"]
[EventDate "2019.06.09"]
[EventType "swiss"]
[EventRounds "7"]
[EventCountry "ESP"]
[SourceTitle "EXT 2024"]
[Source "ChessBase"]
[SourceDate "2023.10.10"]
[SourceVersion "1"]
[SourceVersionDate "2023.10.10"]
[SourceQuality "1"]

1. e4 c5 2. Nf3 e6 3. d4 cxd4 4. Nxd4 Nc6 5. Be3 Nf6 6. Nc3 Be7 7. Bc4 a6 8. Nxc6 bxc6 9. Bd3 0-0 10. 0-0 d5 11. exd5 cxd5 12. Re1 Bb7 13. Bd4 Nd7 14. Qh5 g6 15. Qh3 Bf6 16. Bxf6 Qxf6 17. Rad1 Nc5 1/2-1/2

[Event "Aragon-ch Seniors"]
[Site "Zaragoza"]
[Date "2015.04.25"]
[Round "2"]
[White "Edeso Perez, Francisco"]
[Black "Samper Alarcon, Julio Alfredo"]
[Result "1-0"]
[WhiteElo "1785"]
[BlackElo "1620"]
[PlyCount "103"]
[EventDate "2015.04.18"]
[EventType "swiss"]
[EventRounds "8"]
[EventCountry "ESP"]
[SourceTitle "EXT 2017"]
[Source "ChessBase"]
[SourceDate "2016.10.25"]
[SourceVersion "1"]
[SourceVersionDate "2016.10.25"]
[SourceQuality "1"]

1. d4 d5 2. c4 c6 3. cxd5 cxd5 4. Nc3 Nf6 5. Nf3 e6 6. Bg5 Be7 7. e3 a6 8. Bd3 Nc6 9. Rc1 Nd7 10. Bxe7 Qxe7 11. 0-0 0-0 12. a3 Rd8 13. Nd2 Nf8 14. f4 Ng6 15. Nf3 f6 16. Qc2 Nf8 17. Qf2 Bd7 18. e4 dxe4 19. Bxe4 Be8 20. d5 exd5 21. Bxd5+ Bf7 22. Be4 Qd6 23. g3 Rac8 24. Qb6 Qc7 25. Qf2 Qd6 26. Rfd1 Qc7 27. Nd5 Qa5 28. Rc5 Qa4 29. Bc2 Qb5 30. Rxb5 axb5 31. Ne3 Ne6 32. Rxd8+ Rxd8 33. Bb3 Ned4 34. Bxf7+ Kxf7 35. Nxd4 Rxd4 36. Qc2 g6 37. Qb3+ Kg7 38. Qxb5 Rd7 39. a4 Re7 40. Qb3 Kh6 41. Kf2 Rd7 42. Nc4 f5 43. Ne5 Nxe5 44. fxe5 Rd2+ 45. Ke3 Rxh2 46. Qxb7 Kg5 47. Kf3 Rd2 48. Qxh7 Rd3+ 49. Kg2 f4 50. Qh4+ Kf5 51. Qxf4+ Ke6 52. Qf6+ 1-0

[Event "Linares FEDC-ch 24th"]
[Site "Linares"]
[Date "2014.11.21"]
[Round "6"]
[White "Samper Alarcon, Julio Alfredo"]
[Black "Pimienta Sanchez, Manuel"]
[Result "0-1"]
[WhiteElo "1627"]
[BlackElo "1820"]
[PlyCount "122"]
[EventDate "2014.11.16"]
[EventType "swiss"]
[EventRounds "8"]
[EventCountry "ESP"]
[SourceTitle "CBM 163 Extra"]
[Source "ChessBase"]
[SourceDate "2014.12.23"]
[SourceVersion "1"]
[SourceVersionDate "2014.12.23"]
[SourceQuality "1"]

1. e4 d6 2. d3 c5 3. Nd2 g6 4. g3 Bg7 5. Bg2 Nc6 6. c3 Nf6 7. Ngf3 0-0 8. 0-0 Bg4 9. Qc2 Qc8 10. Nc4 b5 11. Ne3 Bh3 12. Bd2 Bxg2 13. Kxg2 a5 14. Rac1 Qb7 15. Qd1 b4 16. Kg1 Nd7 17. Ng2 Qa6 18. Be1 Nce5 19. c4 Nxf3+ 20. Qxf3 Bxb2 21. Rc2 Bg7 22. Ne3 e6 23. Ng4 h5 24. Ne3 a4 25. Qe2 b3 26. axb3 axb3 27. Rc1 Qa2 28. Qd1 b2 29. Rb1 Qxb1 30. Qxb1 Ra1 31. Bd2 Rxb1 32. Rxb1 Ne5 33. Rxb2 Nf3+ 34. Kg2 Nh4+ 35. gxh4 Bxb2 36. Nd1 Bg7 37. Bc3 Ra8 38. Bxg7 Kxg7 39. Kf3 f5 40. Ne3 Ra3 41. exf5 gxf5 42. Ke2 Kf6 43. Ng2 Ke5 44. Ke3 d5 45. cxd5 exd5 46. Ne1 c4 47. f4+ Kd6 48. Kd4 cxd3 49. Nxd3 Ra4+ 50. Ke3 d4+ 51. Kf3 Ra3 52. Ke2 Ra2+ 53. Kf3 Rxh2 54. Kg3 Re2 55. Ne5 Rxe5 56. fxe5+ Kxe5 57. Kf3 f4 58. Ke2 Ke4 59. Kd2 f3 60. Ke1 Ke3 61. Kf1 f2 0-1

[Event "ESP-chT2 Once"]
[Site "Fuengirola"]
[Date "2009.11.27"]
[Round "6.4"]
[White "Samper Alarcon, Julio Alfredo"]
[Black "Cadelo Herrera, Vicente"]
[Result "1-0"]
[WhiteElo "1591"]
[BlackElo "1600"]
[PlyCount "75"]
[EventDate "2009.11.22"]
[EventType "team-tourn"]
[EventRounds "7"]
[EventCountry "ESP"]
[SourceTitle "CBM 133 Extra"]
[Source "ChessBase"]
[SourceDate "2010.01.05"]
[SourceVersion "1"]
[SourceVersionDate "2010.01.05"]
[SourceQuality "1"]

1. e4 e5 2. Nf3 Nc6 3. Bc4 Nf6 4. Ng5 d5 5. exd5 Na5 6. d3 Qd7 7. 0-0 b5 8. Bb3 Nxb3 9. axb3 Qxd5 10. Nc3 Qc6 11. Qf3 Bb7 12. Qxc6+ Bxc6 13. Re1 Bd6 14. d4 Nd7 15. d5 Bb7 16. Nxb5 Bc5 17. Nxc7+ Ke7 18. Nxa8 Rxa8 19. Be3 Bxe3 20. Rxe3 f6 21. Nf3 Bxd5 22. Nd2 a6 23. f4 h5 24. fxe5 fxe5 25. Nc4 e4 26. Nd2 Nf6 27. Nc4 Bb7 28. h3 Rd8 29. Kf2 g5 30. Ke2 g4 31. Rd1 Nd5 32. Rxe4+ Kf6 33. Rf1+ Kg6 34. Re6+ Kg5 35. Re5+ Kh4 36. hxg4 hxg4 37. Ne3 Nb4 38. Rf4 1-0

[Event "ESP-chT2 Once"]
[Site "Fuengirola"]
[Date "2009.11.24"]
[Round "2.4"]
[White "Samper Alarcon, Julio Alfredo"]
[Black "Aragon Pons, Domingo"]
[Result "1-0"]
[WhiteElo "1591"]
[BlackElo "1727"]
[PlyCount "81"]
[EventDate "2009.11.22"]
[EventType "team-tourn"]
[EventRounds "7"]
[EventCountry "ESP"]
[SourceTitle "CBM 133 Extra"]
[Source "ChessBase"]
[SourceDate "2010.01.05"]
[SourceVersion "1"]
[SourceVersionDate "2010.01.05"]
[SourceQuality "1"]

1. e4 d5 2. exd5 Qxd5 3. Nc3 Qa5 4. d4 c6 5. Nf3 Nf6 6. Bd2 Qc7 7. Bd3 Bg4 8. h3 Bh5 9. Qe2 e6 10. Ne4 Nbd7 11. Ng3 Bg6 12. Ne5 Bxd3 13. cxd3 Bd6 14. Bc3 Nd5 15. Nxd7 Qxd7 16. Nf5 0-0 17. Nxd6 Qxd6 18. 0-0 Rfe8 19. Rfe1 Re7 20. Qe5 Qd7 21. Re2 Rae8 22. Rae1 Qc7 23. Qxc7 Rxc7 24. Rc1 Rce7 25. Rce1 f6 26. a3 Nxc3 27. bxc3 e5 28. f4 Kf7 29. dxe5 fxe5 30. fxe5 Ke6 31. d4 Rc8 32. c4 Rd8 33. Rd2 Red7 34. Red1 c5 35. d5+ Kxe5 36. Re2+ Kd6 37. a4 a6 38. Rde1 Kc7 39. Rb1 b5 40. axb5 axb5 41. Rxb5 1-0